Psychometrics and statistical applications in educational and behavioural sciences (Record no. 206676)

MARC details
000 -LEADER
fixed length control field 00454nam a2200145Ia 4500
008 - FIXED-LENGTH DATA ELEMENTS--GENERAL INFORMATION
fixed length control field 231221s9999 xx 000 0 und d
041 ## - LANGUAGE CODE
Language code of text/sound track or separate title English
082 ## - DEWEY DECIMAL CLASSIFICATION NUMBER
Classification number 150.028 BHA;1 R
100 ## - MAIN ENTRY--PERSONAL NAME
Personal name Bhargava, Mahesh Mathur, Madhu
245 #0 - TITLE STATEMENT
Title Psychometrics and statistical applications in educational and behavioural sciences
260 ## - PUBLICATION, DISTRIBUTION, ETC.
Date of publication, distribution, etc. 2004-05
Name of publisher, distributor, etc. H P Bhargava Book House
Place of publication, distribution, etc. Agra
300 ## - PHYSICAL DESCRIPTION
Extent xxx+324
650 ## - SUBJECT ADDED ENTRY--TOPICAL TERM
Topical term or geographic name entry element Psychometrics,statistical
942 ## - ADDED ENTRY ELEMENTS (KOHA)
Koha item type Education Library
Holdings
Date last seen Total checkouts Full call number Accession number Cost, total (INR) price Price effective from Category Lost status Damaged status Department Withdrawn status Home library Current library Shelving location Entry date Vendor Cost, normal purchase price Grants Billnumber Billdate Currency symbol Conversion rate Discount Old discount
26/01/2024   150.028 BHA;1 R ED1535 204.00 26/01/2024 Education Library     Central Library   Central Library Central Library Central Library   Psychotronics 240.00 EDU 358 18/05/2010 RS 1 36 15
26/01/2024   150.028 BHA;2 R1 ED1536 204.00 26/01/2024 Education Library     Central Library   Central Library Central Library Central Library   Psychotronics 240.00 EDU 358 18/05/2010 RS 1 36 15

© For any Suggestions or Query, please contact the library staff @ librarian@pes.edu or Phone: +9180 2672 1983/ 2108.